Länder, die Bulgarien am nächsten liegen - Statistiken

Allgemein
  • Dieses Quiz wurde 164 mal gespielt
  • Das Durchschnittsergebnis liegt bei 18 aus 20
Antwortstatistiken
km Land % Korrekt
0 Rumänien
99%
0 Serbien
99%
0 Griechenland
98%
0 Türkei
96%
148 Ukraine
96%
0 Nordmazedonien
95%
497 Slowakei
95%
148 Albanien
93%
54 Kosovo
93%
535 Slowenien
93%
315 Kroatien
92%
258 Ungarn
92%
221 Bosnien und Herzegowina
91%
175 Montenegro
91%
400 Italien
87%
164 Moldawien
87%
570 Österreich
87%
358 Russland
86%
533 Polen
80%
640 Tschechien
80%
Keine übereinstimmenden Quizze gefunden
Verteilung der Resultate
Anzahl Personen mit jedem Resultat
Perzentil nach korrekt beantworteten Fragen
Ihre Resultats-Entwicklung
Sie haben dieses Quiz noch nicht gespielt